000 00837nam a2200253Ia 4500
003 OSt
005 20220923212603.0
006 a|||||r|||| 00| 0
007 ta
008 220922b |||||||| |||| 00| 0 hin d
024 _a154,248
037 _cTextual
040 _aARTS
_cARTS
_bhin
041 _2hin
_ahin
082 _aO152vN7, M0
100 _aराजदेव सिंह
245 0 _aआधुनिक हिन्दी साहित्य
246 _aĀdhunik hindī sāhitya
260 _aरोहतक
_b महर्षि दयानन्द विश्वविद्यालय
_c1980
300 _a328 पृ.
_ccm.
650 _aहिन्दी साहित्य
_9156264
942 _hO152vN7, M0
_cTEXL
_2CC
999 _c309876
_d309876